Model difúzie Zn do materiálov A3B3 aplikovaním metódy Monte Carlo : Dipl.práca /

Salvato in:
Dettagli Bibliografici
Autore principale: Zaťko, Miroslav (Autore)
Altri autori: Jánoš, Štefan (Relatore della tesi)
Natura: Manoscritto Libro
Pubblicazione: Bratislava : STU v Bratislave FEI, 1997
Tags: Aggiungi Tag
Nessun Tag, puoi essere il primo ad aggiungerne!!

MARC

LEADER 00000ntm a22000003a 4500
001 stu10466
005 20160719164952.4
008 980114s1997----------------------------d
040 |a STU  |b slo 
041 0
100 1 |a Zaťko, Miroslav  |4 aut 
245 1 |a Model difúzie Zn do materiálov A3B3 aplikovaním metódy Monte Carlo :  |b Dipl.práca /  |c [aut.] Zaťko,Miroslav; Škol. Jánoš,Ňubomír 
260 |a Bratislava :  |b STU v Bratislave FEI,  |c 1997 
300 |a 45 s :  |b príl.1 8 s.,príl.2 5 s 
700 1 |a Jánoš, Štefan  |4 ths